[Event "Baltic Cup 3rd"]
[Site "Darlowo"]
[Date "2019.06.24"]
[Round "3"]
[White "Majek, Kacper"]
[Black "Jordan, Adam"]
[Result "0-1"]
[WhiteElo "2011"]
[BlackElo "1974"]
[PlyCount "76"]
[EventDate "2019.06.23"]
[EventType "swiss"]
[EventRounds "9"]
[EventCountry "POL"]
[SourceTitle "CBM 191 Extra"]
[Source "ChessBase"]
[SourceDate "2019.09.30"]
[SourceVersion "1"]
[SourceVersionDate "2019.09.30"]
[SourceQuality "1"]

1. e4 c6 2. d3 d5 3. Nd2 dxe4 4. dxe4 g6 5. Ngf3 Bg7 6. Bc4 Nf6 7. 0-0 0-0 8. Qe2 Nbd7 9. e5 Nd5 10. Rd1 N7b6 11. Bb3 Qc7 12. Nf1 Bg4 13. c4 Nb4 14. a3 Na6 15. Bf4 Bxf3 16. gxf3 Nc5 17. Ba2 Ne6 18. Bg3 c5 19. Qe4 Nd4 20. b4 Na4 21. bxc5 Nc3 22. e6 Qc8 23. Qg4 f5 24. Qh3 Nxf3+ 25. Kg2 Qc6 26. Rd5 Ne2 27. Rad1 Neg1 28. Qh4 Nxh4+ 29. Bxh4 Bf6 30. Bxf6 Rxf6 31. Kxg1 Rxe6 32. Ne3 Qa4 33. R1d3 f4 34. Ng4 h5 35. c6 Re1+ 36. Kg2 Qxc6 37. Nh6+ Kg7 38. Rf3 Kxh6 0-1

[Event "Baltic Cup 3rd"]
[Site "Darlowo"]
[Date "2019.06.23"]
[Round "1"]
[White "Jordan, Adam"]
[Black "Klepek, Witold"]
[Result "0-1"]
[WhiteElo "1974"]
[BlackElo "2145"]
[PlyCount "58"]
[EventDate "2019.06.23"]
[EventType "swiss"]
[EventRounds "9"]
[EventCountry "POL"]
[SourceTitle "CBM 191 Extra"]
[Source "ChessBase"]
[SourceDate "2019.09.30"]
[SourceVersion "1"]
[SourceVersionDate "2019.09.30"]
[SourceQuality "1"]

1. d4 Nf6 2. Nf3 e6 3. c4 d5 4. Nc3 Bb4 5. Qc2 0-0 6. e3 c5 7. dxc5 Na6 8. Be2 Nxc5 9. Bd2 dxc4 10. Bxc4 b6 11. 0-0 Bb7 12. a3 Bxc3 13. Bxc3 Rc8 14. Rfd1 Qe7 15. Qe2 Nfe4 16. Bd4 Nd6 17. Bxc5 Rxc5 18. Ba6 Ba8 19. Rac1 Rb8 20. Rxc5 bxc5 21. Qd3 Rb6 22. Nd2 Qg5 23. g3 h5 24. h4 Qg4 25. Re1 f5 26. Bc4 Kh7 27. Bxe6 Ne4 28. Nxe4 Bxe4 29. Qd7 Rxe6 0-1